| 000 | 00569cam a2200181 4500 | ||
|---|---|---|---|
| 001 | J100561 | ||
| 008 | 000000n1999 000 0 eng u | ||
| 035 | _a(Sirsi) u100214 | ||
| 041 | _aENG | ||
| 050 | _a692.8 | ||
| 110 |
_aJoint Contracts Tribunal _93664 |
||
| 245 | _aSub-contract conditions articles of agreement 1985 edition. Domestic sub-contract IN/SC. Amendment 1 - July 1999. | ||
| 260 |
_aLondon _bConstruction Confederation _c1999 |
||
| 300 | _a4p. ; 30cm. | ||
| 650 | _aJCT STANDARD FORM OF BUILDING CONTRACT | ||
| 690 |
_aContracts _96232 |
||
| 942 | _n0 | ||
| 999 |
_c99653 _d99653 |
||